| 000 | 00000nam##2200000za#4500 |
| 001 | 9.696386 |
| 003 | CaOODSP |
| 005 | 20210624235017 |
| 007 | cr ||||||||||| |
| 008 | 150407|2000||||xxc|||||o f|0| 0 eng|d |
| 040 | |aCaOODSP|beng |
| 043 | |an-cn--- |
| 086 | 1 |aMR21-20/2000E-PDF |
| 110 | 1 |aCanada.|bMedical Research Council of Canada. |
| 245 | 10|aBeyond the granting agency : |h[electronic resource]|bthe Medical Research Council in the 1990s / |cby Michael Bliss. |
| 260 | |aOttawa - Ontario : |bMedical Research Council of Canada |cc2000. |
| 300 | |a30p.|bphotographs |
| 500 | |aThe catalogue number (MR21-20/2000) and ISBN (0-662-64891-9) for the bilingual print edition have been incorrectly copied in this electronic publication. |
| 590 | |a12-31-Supp|b2012-07-06 |
| 690 | 07|aMedical research|2gcpds |
| 720 | 1 |aBliss, Michael |
| 775 | 08|tAu-delà de l'organisme subventionnaire : |w(CaOODSP)9.640502 |
| 776 | 0#|tBeyond the granting agency : |w(CaOODSP)9.662183 |
| 776 | 0#|tAu-delà de l'organisme subventionnaire : |w(CaOODSP)9.662184 |
| 856 | 40|ahttp://publications.gc.ca|qPDF|s1.22 MB|uhttps://publications.gc.ca/collections/Collection/MR21-20-2000E.pdf |